000 00551nam a2200193Ia 4500
005 20250508150749.0
008 008 250505s9999 xx 000 0 eng d
037 _aTextual
040 _aFEDL
_beng
_cFEDL
041 _aeng
_2eng
084 _a155.4, AVE
_qFEDL
100 _aAverill Lawrence Augustus
_9757567
245 0 _aPsychology for normal schools
260 _aBoston, USA
_bHoughton Mifflin Company
_c1921
300 _axx,362p.
650 _aChild Psychology
942 _cTEXL
_h155.4, AVE
999 _c1325525
_d1325525